000 00694nam a2200205 a 4500
001 15876
003 CO-ViMGA
008 141112s2004 ck r 000 u spa d
040 _aCO-ViMGA
_bspa
_cCO-ViMGA
082 0 4 _a347.7 V492c
100 1 _aVizcaino Restrepo, Alicia
_922815
245 1 0 _aContratos civiles y comerciales :
_bComentarios - Modelos prácticos de Minutas
260 _aBogotá,
_cJurídica radar ediciones,
_c1997
300 _a513.p.
590 _aForma de adquisición : donación - - Precio :
_10.000
650 1 4 _aCONTRATOS COMERCIALES
_93412
650 1 4 _aFORMULARIOS LEGALES - COLOMBIA
_922816
650 1 4 _aSOCIEDADES COMERCIALES - COLOMBIA
_922817
942 _2ddc
_cBK
999 _c25912
_d25912